[Event "Mechanics' Summer TNM; G/2"]
[Site "San Francisco"]
[Date "2016.06.14"]
[Round "4.36"]
[White "Paquette, James"]
[Black "Nassif, Wassim"]
[Result "1-0"]
[WhiteElo "1651"]
[BlackElo "1131"]
[PlyCount "67"]
[EventDate "2016.??.??"]

1. e4 e5 2. Nc3 Nc6 3. Nf3 Nf6 4. Bb5 Bc5 5. Nxe5 Nxe5 6. d4 Bb4 7. dxe5 Nxe4
8. Qd4 Nxc3 9. Qxb4 Nxb5 10. Qxb5 O-O 11. O-O b6 12. Qd5 Ba6 13. Rd1 d6 14.
exd6 Re8 15. Bg5 Qd7 16. dxc7 Qxc7 17. c3 Bb7 18. Qd2 Qc6 19. f3 Qc5+ 20. Kh1
h6 21. Bh4 Re6 22. Re1 Rae8 23. Rxe6 Rxe6 24. Re1 Rxe1+ 25. Qxe1 Qf5 26. Qc1
Ba6 27. Kg1 Qd3 28. Bf2 g5 29. h4 f6 30. Bd4 Kg7 31. hxg5 hxg5 32. Qxg5+ Kh7
33. Qxf6 Qg6 34. Qh8# 1-0

[Event "Mechanics' Summer TNM; G/2"]
[Site "San Francisco"]
[Date "2016.07.05"]
[Round "7.19"]
[White "Paquette, James"]
[Black "Poling, Scott E"]
[Result "1-0"]
[WhiteElo "1651"]
[BlackElo "1946"]
[PlyCount "31"]
[EventDate "2016.??.??"]

1. e4 e6 2. d4 d5 3. e5 c5 4. c3 Nc6 5. Nf3 Bd7 6. Bd3 cxd4 7. cxd4 Qb6 8. Nc3
Nxd4 9. Nxd4 Qxd4 10. O-O a6 11. Re1 Bb4 12. Be3 Qh4 13. g3 Qd8 14. Qg4 g6 15.
Qxb4 Ne7 16. Bg5 1-0

[Event "Mechanics' Fall TNM; G/2"]
[Site "San Francisco"]
[Date "2016.10.25"]
[Round "2.13"]
[White "Paquette, James"]
[Black "Pryor, Jamieson"]
[Result "0-1"]
[WhiteElo "1767"]
[BlackElo "2032"]
[PlyCount "97"]
[EventDate "2016.??.??"]

1. d4 Nf6 2. Nf3 e6 3. Bg5 d6 4. e4 h6 5. Bxf6 Qxf6 6. e5 Qd8 7. Nc3 d5 8. a3
Bd7 9. Qd2 c5 10. Be2 Qb6 11. O-O cxd4 12. Nxd4 Bc5 13. Ndb5 Bxb5 14. Nxb5 Nd7
15. b4 Be7 16. Qf4 a6 17. Nd6+ Bxd6 18. exd6 g5 19. Qg3 Rc8 20. c4 dxc4 21. Qc3
O-O 22. Rfd1 Qd8 23. a4 b5 24. axb5 axb5 25. Ra7 f6 26. Qh3 f5 27. Qxh6 Qf6 28.
Qxf6 Nxf6 29. Re7 Rce8 30. Bf3 Ne4 31. Bxe4 fxe4 32. Re1 Rxe7 33. dxe7 Rc8 34.
Rxe4 Kf7 35. Kf1 Kxe7 36. Re1 Rd8 37. Ke2 Rd3 38. Rb1 e5 39. f3 Ke6 40. g4 Kd5
41. Rd1 Rxd1 42. Kxd1 c3 43. Kc2 Kd4 44. h3 Ke3 45. Kxc3 Kxf3 46. h4 Kxg4 47.
hxg5 Kxg5 48. Kd3 Kf4 49. Ke2 0-1

[Event "Mechanics' Fall TNM; G/2"]
[Site "San Francisco"]
[Date "2016.11.22"]
[Round "6.16"]
[White "Paquette, James"]
[Black "Riese, Kayven"]
[Result "0-1"]
[WhiteElo "1767"]
[BlackElo "1935"]
[Annotator "Donaldson"]
[PlyCount "74"]
[EventDate "2016.??.??"]

1. d4 e6 2. e4 d5 3. e5 c5 4. c3 Nc6 5. Nf3 Qb6 6. Bd3 Bd7 7. O-O cxd4 8. cxd4
Nxd4 9. Nxd4 Qxd4 10. Nc3 Qxe5 11. Re1 Qd6 (11... Qb8 12. Nxd5 Bd6) 12. Nb5 Qb6
13. Be3 Qa5 14. Bd2 Qd8 {Diagram [#]} (14... Qb6) 15. Rxe6+ $4 (15. Bf4 Bb4 16.
Nc7+ Kf8 17. Nxa8 Qxa8 (17... Bxe1 18. Bd6+ Ne7 19. Qxe1 Qxa8 20. Qb4 Qd8 21.
Qxb7 Ke8 22. Rc1 Qb6 23. Qa8+ Qd8 24. Qxa7)) 15... Bxe6 16. Qa4 Bd7 17. Re1+
Be7 18. Nd6+ Kf8 19. Qf4 Nf6 20. Rxe7 Qxe7 21. Bb4 a5 22. Ba3 Kg8 23. Ne4 Qe6
24. Ng5 Qe1+ 25. Bf1 Bb5 26. h3 h6 27. Nxf7 Qxf1+ 28. Kh2 Kxf7 29. Qc7+ Kg6 30.
Qg3+ Kh7 31. Be7 Ne4 32. Qf4 Qxf2 33. Qg4 Qg3+ 34. Qxg3 Nxg3 35. Kxg3 Rhe8 36.
Bd6 Re2 37. Kf3 Rae8 0-1

[Event "Mechanics' Spring TNM; G/2"]
[Site "San Francisco"]
[Date "2016.04.05"]
[Round "4.14"]
[White "Paquette, James"]
[Black "Rudyak, Felix"]
[Result "0-1"]
[WhiteElo "1677"]
[BlackElo "1953"]
[Annotator "Donaldson"]
[PlyCount "44"]
[EventDate "2016.??.??"]

1. d4 d5 2. Nf3 Nf6 3. e3 Bg4 4. Nbd2 e6 5. Bd3 c5 6. b3 cxd4 7. exd4 Bd6 8.
Bb2 O-O 9. O-O Nc6 10. Re1 Qc7 11. c4 dxc4 12. Bxc4 Bxh2+ 13. Kf1 Rad8 14. Qc2
Bf4 15. Ne5 Bxd2 16. Qxd2 Bf5 (16... Nxe5 17. Qf4 (17. Rxe5 Qxe5) 17... Bf5 18.
Rxe5 Rd7 {was also good.}) 17. Nxc6 bxc6 18. Qg5 Qh2 19. d5 h6 20. Qe3 Nxd5 21.
Bxd5 Rxd5 22. Qc3 Bd3+ 0-1

[Event "Mechanics' Winter TNM; G/2"]
[Site "San Francisco"]
[Date "2016.01.12"]
[Round "2.32"]
[White "Paquette, James"]
[Black "Sachs-Weintraub, Julian"]
[Result "0-1"]
[WhiteElo "1676"]
[BlackElo "1369"]
[PlyCount "66"]
[EventDate "2016.??.??"]

1. d4 d5 2. Nf3 Nf6 3. e3 g6 4. Be2 Bg7 5. b3 b6 6. Bb2 Ne4 7. Nbd2 Nxd2 8.
Qxd2 c5 9. c4 dxc4 10. Bxc4 O-O 11. d5 Bxb2 12. Qxb2 b5 13. Bxb5 $4 Qa5+ 14.
Qd2 Qxb5 15. Ne5 Qb4 16. Qxb4 cxb4 17. O-O Nd7 18. Nc6 Re8 19. Nxb4 Nf6 20. f3
a5 21. Nc6 Nxd5 22. e4 Nb4 23. Nd4 e5 24. Nb5 Ba6 25. Nc7 Bxf1 26. Nxe8 Rxe8
27. Kxf1 Rc8 28. a3 Nc2 29. Ra2 Ne3+ 30. Kf2 Rc2+ 31. Rxc2 Nxc2 32. b4 axb4 33.
axb4 Nxb4 0-1

[Event "Mechanics' Spring TNM; G/2"]
[Site "San Francisco"]
[Date "2016.05.03"]
[Round "8.28"]
[White "Paquette, James"]
[Black "Touset, Stephen Ka"]
[Result "1-0"]
[WhiteElo "1677"]
[BlackElo "1152"]
[PlyCount "63"]
[EventDate "2016.??.??"]

1. d4 Nf6 2. Nf3 d5 3. Nbd2 e6 4. e3 c5 5. b3 Nc6 6. Bb2 cxd4 7. exd4 Bd6 8.
Bd3 O-O 9. O-O Qc7 10. Re1 Nb4 11. Ne5 Bxe5 12. dxe5 Nd7 13. Nf3 Nxd3 14. cxd3
Rd8 15. d4 Nf8 16. Ba3 Ng6 17. Bd6 Rxd6 18. exd6 Qxd6 19. Rc1 Bd7 20. Re3 Ne7
21. Rec3 Nf5 22. Ne5 f6 23. Nxd7 Qxd7 24. Rc7 Qb5 25. Rc8+ Rxc8 26. Rxc8+ Kf7
27. Qh5+ Ke7 28. Rc7+ Kd6 29. Qf7 Nxd4 30. Rxb7 Ne2+ 31. Kh1 Qc5 32. Qe7+ 1-0

[Event "Mechanics' Summer TNM; G/2"]
[Site "San Francisco"]
[Date "2016.06.21"]
[Round "5.32"]
[White "Petty, Samuel J"]
[Black "Cheng, Andrew"]
[Result "1-0"]
[WhiteElo "1718"]
[BlackElo "1381"]
[PlyCount "53"]
[EventDate "2016.??.??"]

1. d4 Nf6 2. Nf3 e6 3. Bf4 Nc6 4. e3 Bb4+ 5. c3 Ba5 6. Bd3 O-O 7. Qc2 h6 8. e4
d6 9. Nbd2 Re8 10. e5 Nd5 11. Bg3 Bb6 12. Bh4 Qd7 13. O-O-O a5 14. g4 Nce7 15.
Bg3 Ba7 16. h4 b5 17. h5 Nc6 18. g5 Rb8 19. gxh6 gxh6 20. Bh4 Ncb4 21. Rhg1+
Kf8 22. Qb1 Nxd3+ 23. Qxd3 f5 24. exf6 Nf4 25. Qe4 Nxh5 26. Qg6 Qf7 27. Qxh6+
1-0

[Event "Mechanics' Summer TNM; G/2"]
[Site "San Francisco"]
[Date "2016.06.28"]
[Round "6.26"]
[White "Petty, Samuel J"]
[Black "Giridharan, Durgashankar"]
[Result "1/2-1/2"]
[WhiteElo "1718"]
[BlackElo "1199"]
[PlyCount "83"]
[EventDate "2016.??.??"]

1. d4 Nf6 2. Nf3 c5 3. Bg5 Ne4 4. Bf4 Qb6 5. Nc3 Nxc3 6. bxc3 e6 7. Qb1 Nc6 8.
Qxb6 axb6 9. e3 d6 10. Bb5 Be7 11. O-O O-O 12. Rfb1 Bd7 13. Bxc6 Bxc6 14. Rxb6
Ra3 15. dxc5 dxc5 16. Ne5 Rfa8 17. Nxc6 bxc6 18. Rxc6 Rxc3 19. Rc1 Bf6 20. Bd6
h6 21. Rxc5 Rxa2 22. Kf1 Rxc5 23. Bxc5 Bb2 24. Rb1 Bc3 25. Rb8+ Kh7 26. Rc8
Rxc2 27. Bd4 Rc1+ 28. Ke2 Bb2 29. Rxc1 Bxc1 30. f4 f5 31. Kf3 h5 32. h3 Bd2 33.
g4 hxg4+ 34. hxg4 g6 35. g5 Kg8 36. e4 Kf7 37. exf5 exf5 38. Be5 Ke6 39. Ke2
Bb4 40. Kd3 Kd5 41. Bb8 Bc5 42. Be5 1/2-1/2

[Event "Mechanics' Winter TNM; G/2"]
[Site "San Francisco"]
[Date "2016.02.09"]
[Round "6.33"]
[White "Pintor, Michael"]
[Black "Bachseitz, Martin"]
[Result "1/2-1/2"]
[WhiteElo "1339"]
[BlackElo "1763"]
[PlyCount "118"]
[EventDate "2016.??.??"]

1. c4 g6 2. Nc3 Nf6 3. Nf3 d6 4. d4 Bg7 5. Qc2 O-O 6. e4 a5 7. Be3 Na6 8. a3
Bd7 9. Rd1 Qe8 10. h3 e5 11. Bd3 exd4 12. Nxd4 Nc5 13. Ndb5 Nxd3+ 14. Qxd3 Bxb5
15. cxb5 Nd7 16. a4 Rd8 17. Qc4 Rc8 18. f3 Qe6 19. Qxe6 fxe6 20. O-O Ne5 21.
Bc1 Nc4 22. Rd3 Nb6 23. b3 Nd7 24. Ba3 Nc5 25. Bxc5 dxc5 26. Ne2 Rcd8 27. Rfd1
Bf6 28. e5 Rxd3 29. Rxd3 Bxe5 30. Rd7 Rf7 31. Rd8+ Kg7 32. Rd3 Kf6 33. Kf1 Ke7
34. Nc3 b6 35. Ne4 h6 36. Ke2 Ke8 37. g3 Rd7 38. f4 Bd4 39. Kf3 Ke7 40. g4 Rd5
41. Ng3 Kd7 42. Ke4 Bf2 43. Ne2 Rxd3 44. Kxd3 Kd6 45. Ke4 Bh4 46. Nc1 Bf6 47.
Nd3 Bg7 48. h4 c6 49. bxc6 Kxc6 50. Ne5+ Bxe5 51. Kxe5 b5 52. axb5+ Kxb5 53.
Kxe6 c4 54. bxc4+ Kxc4 55. f5 gxf5 56. gxf5 a4 57. f6 a3 58. f7 a2 59. f8=Q
a1=Q 1/2-1/2

[Event "Mechanics' Winter TNM; G/2"]
[Site "San Francisco"]
[Date "2016.02.02"]
[Round "5.21"]
[White "Pintor, Michael"]
[Black "Royzen, Igor"]
[Result "0-1"]
[WhiteElo "1339"]
[BlackElo "1879"]
[PlyCount "50"]
[EventDate "2016.??.??"]

1. d4 Nf6 2. c4 c5 3. Nf3 cxd4 4. Nxd4 Nc6 5. Nc3 g6 6. Nxc6 bxc6 7. e3 Bg7 8.
Be2 O-O 9. O-O d5 10. Rb1 Bf5 11. Ra1 Be6 12. Qa4 Qb6 13. cxd5 cxd5 14. b4 Ne4
15. Nxe4 Bxa1 16. Ng5 Rfc8 17. b5 h6 18. Nf3 Bf6 19. Nd4 Bd7 20. Bd2 a6 21. Qb4
Bxb5 22. Bxb5 axb5 23. Rb1 Rxa2 24. Bc3 Qc5 25. Rb3 Qxb4 0-1

[Event "Mechanics' Fall TNM; G/2"]
[Site "San Francisco"]
[Date "2016.11.29"]
[Round "7.18"]
[White "Poling, Scott E"]
[Black "Arai, Gordon S"]
[Result "1/2-1/2"]
[WhiteElo "1918"]
[BlackElo "1737"]
[PlyCount "39"]
[EventDate "2016.??.??"]

1. e4 e6 2. d4 d5 3. Nc3 Bb4 4. exd5 exd5 5. Bd3 Nf6 6. Nge2 O-O 7. O-O Bg4 8.
f3 Bh5 9. Nf4 Bg6 10. Nxg6 fxg6 11. Ne2 Nc6 12. c3 Bd6 13. Qb3 a6 14. Re1 Na5
15. Qd1 Ng4 $5 16. fxg4 {Diagram [#]} (16. g3) 16... Bxh2+ 17. Kxh2 Qh4+ 18.
Kg1 Qf2+ 19. Kh2 Qh4+ 20. Kg1 1/2-1/2

[Event "Mechanics' Summer TNM; G/2"]
[Site "San Francisco"]
[Date "2016.07.12"]
[Round "8.28"]
[White "Poling, Scott E"]
[Black "Eastham, Asher Dan"]
[Result "1-0"]
[WhiteElo "1946"]
[BlackElo "1576"]
[PlyCount "65"]
[EventDate "2016.??.??"]

1. e4 e5 2. Nf3 Nc6 3. Bb5 a6 4. Bxc6 dxc6 5. O-O f6 6. d3 Bc5 7. Be3 Bxe3 8.
fxe3 Ne7 9. Nbd2 c5 10. Nc4 Nc6 11. Nh4 Be6 12. Nd2 Qd7 13. Nf5 O-O-O 14. Qe2
Rhg8 15. a3 Ne7 16. Nxe7+ Qxe7 17. b4 cxb4 18. axb4 Qd7 19. Rfb1 f5 20. exf5
Bxf5 21. b5 Qe6 22. bxa6 b6 23. a7 Kb7 24. Nb3 Qg6 25. Na5+ Ka8 26. Nc4 e4 27.
d4 Rgf8 28. Ne5 Qe6 29. c4 Rf6 30. Qb2 Rdf8 31. c5 Qc8 32. Qb5 Re8 33. Nc4 1-0

[Event "Mechanics' Alan Benson TNM; G/2"]
[Site "San Francisco"]
[Date "2016.08.30"]
[Round "5.22"]
[White "Poling, Scott E"]
[Black "Eastham, Asher Dan"]
[Result "1-0"]
[WhiteElo "1918"]
[BlackElo "1568"]
[PlyCount "59"]
[EventDate "2016.??.??"]

1. e4 e5 2. Nf3 Nc6 3. Bb5 a6 4. Bxc6 dxc6 5. O-O f6 6. d4 Bg4 7. dxe5 Qxd1 8.
Rxd1 Bxf3 9. gxf3 fxe5 10. Be3 Nf6 11. Nd2 O-O-O 12. Nc4 Re8 13. Rd2 g6 14.
Rad1 Bg7 15. Bg5 Re7 16. f4 Rd7 17. Bxf6 Rxd2 18. Rxd2 Bxf6 19. fxe5 Bg5 20.
Rd3 Rf8 21. Kg2 Rf7 22. Rf3 Rf4 23. Rxf4 Bxf4 24. h4 h6 25. Kf3 g5 26. hxg5
hxg5 27. e6 Kd8 28. Kg4 Ke7 29. Kf5 Bc1 30. b3 1-0

[Event "Mechanics' Fall TNM; G/2"]
[Site "San Francisco"]
[Date "2016.11.08"]
[Round "4.9"]
[White "Poling, Scott E"]
[Black "Hack, Richard"]
[Result "1-0"]
[WhiteElo "1918"]
[BlackElo "1611"]
[PlyCount "87"]
[EventDate "2016.??.??"]

1. e4 e5 2. Nf3 Nc6 3. Bb5 a6 4. Bxc6 dxc6 5. O-O Bd6 6. d4 exd4 7. Qxd4 f6 8.
Nbd2 Ne7 9. Qc4 Bg4 10. e5 Bxf3 11. exd6 Bxg2 12. dxe7 Qd5 13. Qxd5 Bxd5 14. c4
Be6 15. Re1 Kxe7 16. b3 Kf7 17. Ne4 b6 18. Bf4 Rac8 19. Rad1 Bg4 20. Rd3 Rhe8
21. Rde3 Bf5 22. f3 g5 23. Bg3 c5 24. Nc3 Rxe3 25. Rxe3 c6 26. Ne4 Bxe4 27.
Rxe4 f5 28. Re2 f4 29. Be1 Rd8 30. Kf2 b5 31. Ba5 Rd3 32. Rd2 Rxd2+ 33. Bxd2 b4
34. h4 Kf6 35. hxg5+ Kxg5 36. Kg2 Kf5 37. Bc1 Kg5 38. Kh3 a5 39. Bb2 Kh5 40.
Be5 Kg5 41. Bd6 Kf5 42. Bxc5 Ke5 43. Kg4 h6 44. Kh5 1-0

[Event "Mechanics' Alan Benson TNM; G/2"]
[Site "San Francisco"]
[Date "2016.08.09"]
[Round "2.23"]
[White "Poling, Scott E"]
[Black "Harris, Clarence"]
[Result "1-0"]
[WhiteElo "1918"]
[BlackElo "1400"]
[Annotator "Winslow"]
[PlyCount "67"]
[EventDate "2016.??.??"]

1. e4 e5 2. Nf3 Nc6 3. Bb5 a6 4. Bxc6 dxc6 5. O-O Bd6 6. d4 Bg4 7. dxe5 Bxf3 8.
Qxf3 Bxe5 9. Qb3 b5 10. Nd2 c5 11. Nf3 c4 12. Qe3 Qe7 13. Nxe5 Qxe5 14. f4 Qd6
15. e5 Qd5 16. Qh3 Qe6 17. f5 Qxe5 18. Bf4 Qc5+ 19. Be3 Qc6 20. Rae1 (20. Bd4)
(20. Rfe1) 20... Ne7 $4 (20... Nf6 $1 $14) 21. Bd4 (21. f6 $1 gxf6 22. Bd4 $18)
21... f6 22. Re6 (22. Qh5+ Kd7 23. Qf7 Rae8 24. Re6 Rhf8 (24... Qd5 25. Rxe7+)
25. Qxg7 Rg8 (25... Qd5 26. Bxf6) 26. Rxe7+ Rxe7 27. Qxg8) 22... Qd5 23. Bc3 $2
{Why give up that diagonal?} (23. Rd1 O-O-O 24. Rxe7 c5 25. Re6 Rd6 (25... cxd4
26. Qa3) 26. Rxd6 Qxd6 27. Qf3 cxd4 28. Qa8+ Qb8 29. Qc6+ Qc7 30. Qxa6+ Qb7 31.
Qe6+) (23. c3) (23. Bf2 $1 $18) 23... Kd7 $2 {Diagram (#)} (23... Qc5+ 24. Kh1
(24. Qe3 Qxe3+ 25. Rxe3 Kf7) 24... O-O-O $1 25. Qg4 b4 $1) 24. Ree1 $4 (24. Rf2
$1 {when Rd2 is going to be very hard to meet!} Qc5 25. Qg4 Rae8 (25... Rhg8
26. Qe4 (26. Qd1+ Kc8 27. Rxe7 Qxe7 28. Qd5 $1) 26... Rad8 27. Bd4) 26. Qxg7)
24... Qc5+ 25. Kh1 Rae8 $2 (25... Nd5 $11) 26. Qg4 Rhg8 27. Rd1+ $2 (27. Re6
Nc8 $14) 27... Kc8 $15 28. Qf3 $6 Qc6 $17 29. Qg3 Qb7 $6 (29... Kb7) (29... Kb8
) 30. Rfe1 Nxf5 $1 31. Qh3 Rxe1+ 32. Bxe1 Qe4 $1 $19 33. Bc3 Re8 (33... Rd8) (
33... Kb8) 34. Rf1 {... no more moves; must have been a big time scramble} (34.
Rf1 g6 {is just winning for Black} 35. Qxh7 Ne3 36. Rg1 Nd5) 1-0

[Event "Mechanics' Fall TNM; G/2"]
[Site "San Francisco"]
[Date "2016.12.13"]
[Round "9.10"]
[White "Poling, Scott E"]
[Black "Kuczek, Kevin W"]
[Result "0-1"]
[WhiteElo "1918"]
[BlackElo "1742"]
[PlyCount "46"]
[EventDate "2016.??.??"]

1. d4 d5 2. c4 c6 3. Nf3 Nf6 4. Nc3 Bf5 $2 5. cxd5 $1 cxd5 6. Qb3 Qb6 7. Nxd5
Nxd5 8. Qxd5 e6 9. Qb3 Bb4+ 10. Bd2 Nc6 11. Bxb4 Nxb4 12. Rc1 O-O 13. Rc3 Rac8
14. e3 Bc2 15. Qa3 Bb1 16. Kd2 Nxa2 17. Rxc8 Rxc8 18. Bc4 Rxc4 19. Rxb1 Nb4 20.
Rc1 Rxc1 21. Kxc1 Qc6+ 22. Kd2 Qc2+ 23. Ke1 Nd3+ 0-1

[Event "Mechanics' Summer TNM; G/2"]
[Site "San Francisco"]
[Date "2016.06.21"]
[Round "5.23"]
[White "Poling, Scott E"]
[Black "Lesquillier, Walte"]
[Result "1/2-1/2"]
[WhiteElo "1946"]
[BlackElo "1623"]
[Annotator "Donaldson"]
[PlyCount "90"]
[EventDate "2016.??.??"]

1. e4 Nc6 2. d4 e5 3. d5 Nb8 4. c4 Nf6 5. Nc3 Bb4 6. Bd3 c6 7. Nge2 d6 8. O-O
Bxc3 9. Nxc3 O-O 10. Kh1 Bg4 11. f3 Bh5 12. Qe1 Bg6 13. Bg5 Nbd7 14. b4 Qc7 15.
Qd2 Rfe8 16. a4 a5 17. dxc6 bxc6 18. b5 Nb6 19. Rfc1 Nfd7 20. Be3 c5 21. Rd1
Nf8 22. Be2 Red8 23. f4 f6 24. Nd5 Nxd5 25. exd5 Nd7 26. Rf1 Re8 27. h4 exf4
28. Bxf4 Ne5 29. Bxe5 Rxe5 30. Bg4 f5 31. h5 (31. Bf3) 31... fxg4 32. hxg6 hxg6
33. Qf4 Qe7 34. Qxg4 Rh5+ 35. Kg1 Qe3+ 36. Rf2 Rf5 37. Qe2 Re5 (37... Qd4 38.
Rd1 Rxf2 $4 39. Qe6+) 38. Qxe3 Rxe3 39. Rf3 Re4 40. Rc1 Rae8 41. Kf2 (41. Kh2
$1 Re2 42. Rg3 Kh7 43. Rf1 Ra2 44. Rf4 Rxa4 45. Rh4+ Kg8 46. Rxg6 $16) 41...
Re2+ 42. Kg3 Ra2 43. Rb1 Rxa4 44. b6 Rxc4 45. Ra3 a4 {The players, in severe
time pressure, agreed to a draw a few moves later. Remaining moves unavailable.
} 1/2-1/2

[Event "Mechanics' Fall TNM; G/2"]
[Site "San Francisco"]
[Date "2016.11.15"]
[Round "5.6"]
[White "Poling, Scott E"]
[Black "Sevall, Jacob"]
[Result "1/2-1/2"]
[WhiteElo "1918"]
[BlackElo "2033"]
[PlyCount "61"]
[EventDate "2016.??.??"]

1. e4 e5 2. Nf3 Nc6 3. Bb5 f5 4. d3 Nf6 5. O-O d6 6. Re1 Be7 7. Nbd2 a6 8.
Bxc6+ bxc6 9. d4 Nxe4 10. dxe5 O-O 11. Nxe4 fxe4 12. Rxe4 Bf5 13. Re1 Bg4 14.
Qe2 Bxf3 15. gxf3 Qe8 16. exd6 Qg6+ 17. Kh1 Bxd6 18. Qe6+ Qxe6 19. Rxe6 Rxf3
20. Kg2 Rf5 21. Be3 Rb8 22. b3 a5 23. Rd1 a4 24. Rd4 axb3 25. axb3 Kf7 26. Ree4
Re8 27. Rxe8 Kxe8 28. h3 Kd7 29. Rg4 g6 30. Rc4 c5 31. Rg4 1/2-1/2

[Event "Mechanics' Winter TNM; G/2"]
[Site "San Francisco"]
[Date "2016.01.05"]
[Round "1.13"]
[White "Poling, Scott E"]
[Black "Smith, David A"]
[Result "0-1"]
[WhiteElo "2003"]
[BlackElo "1581"]
[Annotator "Donaldson"]
[PlyCount "94"]
[EventDate "2016.??.??"]

1. e4 c5 2. c3 e5 3. d4 Qh4 4. Bd3 d6 5. Nf3 Qe7 6. O-O Nc6 7. d5 Nd8 8. Bg5 f6
9. Bb5+ Bd7 10. Bxd7+ Qxd7 11. Be3 g6 12. Nh4 Nh6 13. Qc1 Ndf7 14. f4 Bg7 15.
fxe5 fxe5 16. h3 O-O 17. Nd2 Nh8 18. Nc4 Rxf1+ 19. Qxf1 Rf8 20. Qc1 N6f7 21.
Qd2 Qe7 22. Nf3 h6 23. Rf1 Kh7 24. Qe2 Bf6 25. Na5 g5 26. Nh2 Ng6 27. Nxb7 Qxb7
28. Rxf6 Qe7 29. Rf2 Nf4 30. Bxf4 gxf4 31. Nf3 Rg8 32. Qa6 h5 33. b4 cxb4 34.
cxb4 Kh6 35. Rc2 Qd7 36. Kh2 Ng5 37. Nxg5 Kxg5 38. Rc6 Rg6 39. Qc4 Qe7 40. Rc7
Qf6 41. Qc1 Kh6 42. Rxa7 Qg5 43. Qf1 Qg3+ 44. Kh1 Qe3 45. Qf3 $4 (45. Rd7 Qxe4
46. b5 $16) 45... Qxa7 46. a3 Rg3 47. Qf1 Qxa3 0-1

[Event "Mechanics' Alan Benson TNM; G/2"]
[Site "San Francisco"]
[Date "2016.09.27"]
[Round "9.19"]
[White "Poling, Scott E"]
[Black "Starr, Albert Mart"]
[Result "1-0"]
[WhiteElo "1918"]
[BlackElo "1518"]
[PlyCount "105"]
[EventDate "2016.??.??"]

1. e4 e5 2. Nf3 Nf6 3. Nxe5 d6 4. Nf3 Nxe4 5. Nc3 Nxc3 6. dxc3 Bg4 7. Be2 Be7
8. Be3 O-O 9. Qd2 Nc6 10. O-O-O a6 11. h3 Be6 12. Kb1 f6 13. g4 Ne5 14. Rhg1
Nc4 15. Bxc4 Bxc4 16. Nh4 Be6 17. Nf5 Bxf5 18. gxf5 Rf7 19. h4 Qd7 20. Qd3 Bf8
21. h5 Re8 22. h6 Re5 23. hxg7 Bxg7 24. Rg2 Qxf5 25. Qd2 Kh8 26. Rdg1 Ree7 27.
Qd4 Qe4 28. Qa7 c5 29. Qb8+ Re8 30. Qxd6 Qe5 31. Qxc5 Qxc5 32. Bxc5 Rd7 33. Bd4
Rde7 34. b3 Re1+ 35. Kb2 Rxg1 36. Rxg1 Re4 37. Rg3 Rf4 38. Be3 Rh4 39. Bd4 Rh5
40. Re3 Kg8 41. Re7 Rf5 42. Rxb7 h5 43. Re7 h4 44. Re3 Kf7 45. Rh3 Rh5 46. f3
Ke6 47. Bf2 f5 48. Rxh4 Rg5 49. Ra4 Rg2 50. Rxa6+ Ke7 51. Bd4 f4 52. Bxg7 Rxg7
53. Ra7+ 1-0

[Event "Mechanics' Alan Benson TNM; G/2"]
[Site "San Francisco"]
[Date "2016.09.06"]
[Round "6.17"]
[White "Poling, Scott E"]
[Black "Wonsever, James"]
[Result "0-1"]
[WhiteElo "1918"]
[BlackElo "1636"]
[Annotator "Winslow"]
[PlyCount "78"]
[EventDate "2016.??.??"]

1. e4 e5 2. Nf3 Nc6 3. Bb5 a6 4. Bxc6 dxc6 5. O-O f6 6. d4 Bd6 7. dxe5 fxe5 8.
Nxe5 Nf6 9. Nd3 Be7 10. Nc3 O-O 11. Be3 Ng4 12. Qe2 Qd6 13. f4 Nxe3 14. Qxe3 c5
15. Nd5 c4 16. Nxe7+ Qxe7 17. Ne5 b5 18. Rad1 g5 19. g3 Qg7 20. Kh1 Bh3 21. Rg1
Rad8 22. Rd2 c5 23. Rgd1 Rxd2 {Diagram [#]} 24. Qxd2 $2 (24. Rxd2) 24... gxf4
25. gxf4 Rxf4 26. Nc6 $6 (26. Rg1 $4 Qxg1+ 27. Kxg1 Rf1#) (26. Qd5+ Kh8 27.
Qd8+ Rf8 28. Qxf8+ Qxf8 29. Rd8 Qxd8 30. Nf7+ Kg7 31. Nxd8 Kf6 {
Black has plusses, but can he win?}) 26... Qg5 $2 (26... Rf8 $17) 27. Qd5+ $2 (
27. Ne7+ Kf7 28. Nd5 Rg4 29. Qf2+ Ke6 30. Nc7+ Ke7 31. Nd5+ Ke6 $11) 27... Qxd5
28. exd5 Kf8 (28... Rf2 $1) 29. d6 Ke8 30. Nb8 Rd4 31. Re1+ Kf7 32. Nxa6 Rxd6
33. Nxc5 Rd2 34. Ne4 Bg2+ 35. Kg1 Bxe4 36. Rxe4 Rxc2 37. b3 c3 38. a4 bxa4 39.
bxa4 Ra2 0-1

[Event "Mechanics' Alan Benson TNM; G/2"]
[Site "San Francisco"]
[Date "2016.08.23"]
[Round "4.16"]
[White "Porlares, Teodoro"]
[Black "Bekhtur, Bayaraa"]
[Result "1-0"]
[WhiteElo "1767"]
[BlackElo "1827"]
[PlyCount "77"]
[EventDate "2016.??.??"]

1. Nf3 c5 2. g3 d5 3. Bg2 Nc6 4. d4 e6 5. O-O Nf6 6. c3 c4 7. Nbd2 h5 8. h4 Ng4
9. e4 Be7 10. e5 g5 11. hxg5 Rg8 12. b3 b5 13. Nb1 b4 14. bxc4 Ba6 15. Qa4 Qb6
16. c5 Qb5 17. Qxb5 Bxb5 18. Re1 Bd3 19. Bf1 Be4 20. Bb5 Kd7 21. Nbd2 Bxf3 22.
Nxf3 bxc3 23. Bf4 Rab8 24. Rab1 Kc7 25. Bxc6 Kxc6 26. Rec1 $18 Rb2 27. Rxb2
cxb2 28. Rb1 Rb8 29. Bd2 Bxc5 30. dxc5 Kxc5 31. Bc3 Kc4 32. Rxb2 Rxb2 33. Bxb2
Kd3 34. Kf1 a5 35. Bd4 a4 36. a3 Nh2+ 37. Nxh2 Kxd4 38. f4 Kc3 39. f5 1-0

[Event "Mechanics' Summer TNM; G/2"]
[Site "San Francisco"]
[Date "2016.07.12"]
[Round "8.14"]
[White "Porlares, Teodoro"]
[Black "Clemens, Kristian"]
[Result "0-1"]
[WhiteElo "1805"]
[BlackElo "2002"]
[Annotator "Donaldson"]
[PlyCount "104"]
[EventDate "2016.??.??"]

1. c4 c5 2. Nc3 Nc6 3. g3 g6 4. Bg2 Bg7 5. Nf3 e6 6. O-O Nge7 7. e4 O-O 8. d3
b6 9. Bd2 Nb4 10. Bf4 d5 $2 11. a3 Nbc6 12. cxd5 exd5 13. exd5 Na5 (13... Nxd5
14. Nxd5 Qxd5 15. Ne5 {wins material.}) 14. Rc1 Bg4 15. h3 Bxf3 16. Bxf3 Rc8
17. d6 Nec6 18. Qa4 Be5 19. b4 Bxf4 20. gxf4 Nd4 21. Bg2 Nab3 22. Rcd1 Qxd6 23.
Nb5 Nxb5 24. Qxb3 Nd4 25. Qd5 Qxd5 26. Bxd5 cxb4 27. axb4 Ne2+ 28. Kh2 Nxf4 29.
Bc4 Rfd8 30. Ra1 Rc7 31. Rfd1 Nd5 32. b5 Kg7 33. Ra3 Rdd7 34. Rda1 Ne7 35. Re1
Nc8 36. Ra4 Nd6 37. Rea1 Kf6 38. Kg2 h5 39. f3 h4 40. R1a2 g5 41. Re2 Re7 42.
Rea2 Ne8 43. Bd5 Ng7 44. Bc6 Ne6 45. d4 Nf4+ 46. Kh2 Ke6 47. d5+ Kd6 48. Rxf4
gxf4 49. Ra4 Re2+ 50. Kg1 Rce7 51. Re4 R7xe4 52. fxe4 Rxe4 0-1

[Event "Mechanics' Winter TNM; G/2"]
[Site "San Francisco"]
[Date "2016.02.16"]
[Round "7.35"]
[White "Porlares, Teodoro"]
[Black "Donnelly, Patrick"]
[Result "0-1"]
[WhiteElo "1892"]
[BlackElo "1539"]
[PlyCount "64"]
[EventDate "2016.??.??"]

1. d4 Nf6 2. c4 e6 3. e3 b6 4. Nf3 Bb7 5. Bd3 d5 6. O-O Bd6 7. Nbd2 O-O 8. b3
Nbd7 9. Bb2 c5 10. dxc5 bxc5 11. Qc2 Qc7 12. Rfe1 Ne5 13. Nxe5 Bxe5 14. Bxe5
Qxe5 15. Nf3 Qh5 16. cxd5 Rad8 17. dxe6 Bxf3 18. e7 Qg4 19. exf8=Q+ Kxf8 20.
Qxc5+ Kg8 21. Bf1 h5 22. h3 Qg6 23. Kh1 Rd2 24. Qc8+ Kh7 25. Qb8 Ne4 26. Kg1
Rxf2 27. Qh2 Rd2 28. b4 Ng3 29. Bc4 Bxg2 30. Qxg2 Rxg2+ 31. Kxg2 Nf5+ 32. Kf2
Qg3+ 0-1